[Event "DMP - III LIGA SZACHOWA SENIOROW PK 2016"]
[Site "Czudec"]
[Date "2016.??.??"]
[Round "6.1"]
[White "Czajkowski, Ryszard"]
[Black "Piekarski, Lukasz"]
[Result "1/2-1/2"]
[WhiteElo "2076"]
[BlackElo "1971"]
[Annotator "Szachy"]
[PlyCount "107"]
[EventDate "2016.??.??"]

1. d4 {[%emt 0:00:00]} Nf6 {[%emt 0:00:00]} 2. c4 {[%emt 0:00:00]} g6 3. Nc3
Bg7 4. e4 d6 5. Be2 O-O 6. Nf3 Na6 7. O-O e5 8. dxe5 dxe5 9. Qxd8 Rxd8 10. Bg5
h6 11. Bh4 Re8 12. Rad1 Nc5 13. Nd5 Nxd5 14. exd5 f5 15. b4 Na4 16. d6 cxd6 17.
Rxd6 Nc3 18. Bd1 g5 19. Bxg5 hxg5 20. Nxg5 Nxd1 21. Rfxd1 f4 22. h4 Bf5 23. f3
a5 24. a3 axb4 25. axb4 Bf8 26. Rf6 Bc2 27. Rd2 Bb1 28. Rd1 Be7 29. Rb6 Bf5 30.
c5 Ra4 31. Kh2 Ra6 32. Rxb7 Rh6 33. Ne4 Bxh4 34. Kg1 Rh7 35. Rxh7 Kxh7 36. Nd6
Rd8 37. Ra1 Be6 38. b5 Be7 39. Ne4 Kg6 40. Ra6 Kf5 41. g4+ fxg3 42. Nxg3+ Kf6
43. Ne4+ Kf7 44. c6 Bc4 45. Rb6 Rg8+ 46. Kf2 Bd3 47. Rb7 Bxe4 48. fxe4 Ke6 49.
b6 Bc5+ 50. Ke2 Rc8 51. c7 Kd7 52. Kd3 Bxb6 53. Rxb6 Rxc7 54. Rh6 1/2-1/2

[Event "DMP - III LIGA SZACHOWA SENIOROW PK 2016"]
[Site "Czudec"]
[Date "2016.??.??"]
[Round "6.2"]
[White "Pasionek, Ariel"]
[Black "Czarnecki, Wojciech"]
[Result "0-1"]
[WhiteElo "1959"]
[BlackElo "2014"]
[PlyCount "61"]
[EventDate "2016.??.??"]

1. e4 c6 2. Nc3 d5 3. Nf3 Bg4 4. h3 Bh5 5. exd5 cxd5 6. Bb5+ Nc6 7. g4 Bg6 8.
Ne5 Qd6 9. d4 a6 10. Bxc6+ bxc6 11. Bf4 Rc8 12. Qd2 Qb4 13. O-O-O e6 14. h4 f6
15. Nxg6 hxg6 16. Qd3 e5 17. a3 Qb6 18. dxe5 Ne7 19. exf6 gxf6 20. Rde1 Kf7 21.
f3 Rd8 22. Qe2 c5 23. h5 g5 24. Bg3 Rd7 25. Qd3 c4 26. Qe2 Rb7 27. Nd1 Bg7 28.
Bf2 Qd6 29. Ne3 c3 30. b4 a5 31. b5 0-1

[Event "DMP - III LIGA SZACHOWA SENIOROW PK 2016"]
[Site "Czudec"]
[Date "2016.??.??"]
[Round "6.3"]
[White "Baniak, Lukasz"]
[Black "Krynicki, Henryk"]
[Result "1/2-1/2"]
[WhiteElo "1844"]
[BlackElo "1758"]
[Annotator "Szachy"]
[PlyCount "74"]
[EventDate "2016.??.??"]

1. d4 c5 {[%emt 0:00:00]} 2. d5 {[%emt 0:00:00]} Nf6 3. c4 g6 4. Nc3 Bg7 5. e4
Qa5 6. Bd2 d6 7. f4 a6 8. e5 dxe5 9. fxe5 Nfd7 10. d6 Qd8 11. Bg5 Bxe5 12. Bxe7
Qa5 13. Nf3 Bxc3+ 14. bxc3 Qxc3+ 15. Kf2 Nc6 16. Qe2 Nde5 17. Bf6 Qxa1 18. Nxe5
O-O 19. d7 Qd4+ 20. Qe3 Nxe5 21. Qxd4 cxd4 22. dxc8=Q Raxc8 23. Bxe5 Rfd8 24.
Bd3 Rc5 25. Bf6 Re8 26. Rd1 Ra5 27. Rd2 b5 28. cxb5 axb5 29. Bxd4 Rea8 30. Bc3
Rxa2 31. Bxb5 Rxd2+ 32. Bxd2 Rd8 33. Be3 Rd5 34. Bc4 Rf5+ 35. Ke2 h5 36. h3 Re5
37. Kf3 Ra5 1/2-1/2

[Event "DMP - III LIGA SZACHOWA SENIOROW PK 2016"]
[Site "Czudec"]
[Date "2016.??.??"]
[Round "6.5"]
[White "Nowak, Marek"]
[Black "Chmielowski, Dominik"]
[Result "1-0"]
[WhiteElo "1715"]
[BlackElo "1595"]
[Annotator "Szachy"]
[PlyCount "97"]
[EventDate "2016.??.??"]

1. Nf3 {[%emt 0:00:00]} c6 2. c4 d5 3. g3 g6 4. Bg2 Bg7 5. O-O e5 6. cxd5 cxd5
7. d4 e4 8. Ne1 Nc6 9. Nc2 f5 10. Nc3 Nge7 11. Bf4 a6 12. e3 O-O 13. f3 Be6 14.
b4 b5 15. a4 Bd7 16. Qb1 Qc8 17. Qb3 bxa4 18. Nxa4 Kh8 19. Nb6 Qb7 20. Nxa8
Rxa8 21. Rfb1 h6 22. h4 Nd8 23. Na3 Ne6 24. Bd6 Nc6 25. Bc5 Na7 26. fxe4 fxe4
27. Rf1 Nxc5 28. dxc5 Bxa1 29. Rxa1 a5 30. Qb2+ Kg8 31. Rf1 axb4 32. Rf6 Be8
33. Nc2 Qg7 34. Bh3 Bf7 35. Qa1 b3 36. Nb4 Re8 37. c6 Nb5 38. Bd7 Rb8 39. Qe5
Qf8 40. Rxf7 Qxf7 41. Be6 Rf8 42. Bxf7+ Rxf7 43. Qb8+ Kh7 44. Qxb5 d4 45. exd4
e3 46. Nd5 Rf5 47. Qxb3 e2 48. Qb1 Rxd5 49. Kf2 1-0

[Event "DMP - III LIGA SZACHOWA SENIOROW PK 2016"]
[Site "Czudec"]
[Date "2016.??.??"]
[Round "6.6"]
[White "Lewtak, Damian"]
[Black "Gierulski, Kamil"]
[Result "1-0"]
[WhiteElo "2323"]
[BlackElo "2165"]
[PlyCount "120"]
[EventDate "2016.??.??"]

1. e4 c5 2. Nf3 d6 3. Bb5+ Nd7 4. d4 cxd4 5. Qxd4 a6 6. Bxd7+ Bxd7 7. Nc3 e5 8.
Qd3 h6 9. O-O Rc8 10. Rd1 Nf6 11. Nd2 Be6 12. Nf1 Be7 13. Ne3 Qc7 14. Nf5 Bxf5
15. exf5 O-O 16. Be3 Qc4 17. Rac1 b5 18. Nd5 Nxd5 19. Qxd5 Rc6 20. Qxc4 Rxc4
21. Kf1 Rfc8 22. c3 R8c6 23. a3 Rh4 24. g3 Rxh2 25. Ke2 Rh5 26. a4 bxa4 27. Ra1
Rxf5 28. Rxa4 Rf6 29. Rd5 Bd8 30. Kd3 Re6 31. g4 Re7 32. Ke4 Rb7 33. Rd2 Rb5
34. c4 Ra5 35. Rb4 Rc8 36. b3 Be7 37. Rb7 Kf8 38. Bb6 Ra1 39. Bc7 Rg1 40. f3
Re1+ 41. Kd3 Rf1 42. Ke2 Bg5 43. Bxd6+ Ke8 44. Kxf1 Bxd2 45. Re7+ Kd8 46. Rxf7
Rc6 47. Bxe5 g6 48. Ke2 Bc1 49. Kd3 Bg5 50. f4 Be7 51. f5 Ke8 52. Rg7 gxf5 53.
gxf5 h5 54. Rg6 Rc5 55. Kd4 Ra5 56. Rh6 Ra3 57. f6 Bf8 58. Rh8 Ra1 59. Rxh5 a5
60. Kd5 Kf7 1-0

[Event "DMP - III LIGA SZACHOWA SENIOROW PK 2016"]
[Site "Czudec"]
[Date "2016.??.??"]
[Round "6.7"]
[White "Miasik, Adrian"]
[Black "Lewtak, Dominik"]
[Result "1/2-1/2"]
[WhiteElo "1903"]
[BlackElo "2065"]
[Annotator "Szachy"]
[PlyCount "188"]
[EventDate "2016.??.??"]

1. d4 {[%emt 0:00:00]} Nf6 2. Nf3 d5 3. e3 e6 4. c4 c6 5. Nc3 Nbd7 6. Bd3 dxc4
7. Bxc4 b5 8. Bb3 Bb7 9. O-O a6 10. Qe2 c5 11. Rd1 Qb6 12. a4 b4 13. a5 Qc7 14.
Nb1 Bd6 15. Nbd2 O-O 16. h3 cxd4 17. exd4 e5 18. Nc4 e4 19. Nfe5 Nxe5 20. dxe5
Bxe5 21. Be3 Rac8 22. Rac1 Qe7 23. Nb6 Rxc1 24. Bxc1 Rd8 25. Be3 Rxd1+ 26. Bxd1
Nd7 27. Bb3 Nxb6 28. Bxb6 Qd7 29. Bc5 Qc7 30. Bxb4 Qc1+ 31. Qd1 Qxd1+ 32. Bxd1
Bxb2 33. Bb3 g5 34. Kf1 Kg7 35. Ke2 Bd4 36. Bc4 f5 37. Be7 h6 38. Be6 Kg6 39.
g4 fxg4 40. hxg4 Bc6 41. Bc4 Bb7 42. Be6 Kg7 43. Bd8 Kf8 44. Bf5 Ke8 45. Bc7
Ke7 46. Bg3 Bc3 47. Bc7 Bd4 48. Bg3 Bc5 49. Bc7 Bc6 50. Be5 Bb5+ 51. Kd2 Bc6
52. Ke2 Bb4 53. Bc7 Bb7 54. Bb6 Kd6 55. Bd8 Kd5 56. Bc7 Kc4 57. Bd7 Bc5 58. Bd8
Kb4 59. Bc7 Bd5 60. Ke1 Kc3 61. Bc8 Bc4 62. Bb6 Bb4 63. Kd1 Bd6 64. Bf5 Bd3 65.
Be6 Bf4 66. Bd8 Bc4 67. Bf5 Kd4 68. Bb6+ Kd5 69. Kc2 Be5 70. Bc8 Kc6 71. Bf5
Bd5 72. Bc8 Kb5 73. Bd7+ Bc6 74. Be6 Bb7 75. Kb3 Kc6 76. Kc4 Kd6 77. Bg8 Bb2
78. Bc5+ Ke5 79. Bf8 Kf4 80. Be6 Bc6 81. Bxh6 Bb5+ 82. Kd5 Bc3 83. Bf5 Bxa5 84.
Bxe4 Be2 85. f3 Be1 86. Kc5 a5 87. Bc6 Bf2+ 88. Kd6 Bd1 89. Ke6 Bd4 90. Kf7 a4
91. Kg6 Bc2+ 92. Kh5 Bf6 93. Bb5 Bb3 94. Kg6 a3 1/2-1/2

[Event "DMP - III LIGA SZACHOWA SENIOROW PK 2016"]
[Site "Czudec"]
[Date "2016.??.??"]
[Round "6.8"]
[White "Mis, Mieszko"]
[Black "Ziemniak, Piotr"]
[Result "1-0"]
[WhiteElo "2069"]
[BlackElo "1769"]
[Annotator "Szachy"]
[PlyCount "107"]
[EventDate "2016.??.??"]

1. d4 {[%emt 0:00:00]} Nf6 2. Nf3 {[%emt 0:00:00]} g6 3. g3 Bg7 4. Bg2 d6 5.
O-O O-O 6. c4 Nbd7 7. Nc3 c6 8. Qb3 Qb6 9. Qxb6 Nxb6 10. b3 Bg4 11. Bb2 d5 12.
cxd5 Nbxd5 13. h3 Nxc3 14. Bxc3 Nd5 15. Bb2 Bxf3 16. Bxf3 Rad8 17. Rfd1 e6 18.
Rac1 Bh6 19. e3 Rfe8 20. a3 a6 21. Kf1 Rd7 22. Ke2 Nc7 23. h4 Bf8 24. h5 g5 25.
g4 h6 26. Be4 Nd5 27. Kd3 Nf6 28. Bf3 e5 29. Kc2 e4 30. Be2 Nd5 31. b4 Re6 32.
Bf1 Rf6 33. Rd2 Re6 34. Kb3 Bd6 35. Rdc2 Re8 36. Bc4 Nf6 37. Rg1 Bf8 38. a4 Rc7
39. d5 cxd5 40. Bxf6 dxc4+ 41. Rxc4 Rxc4 42. Kxc4 Re6 43. Bd4 Rc6+ 44. Kb3 b5
45. axb5 axb5 46. Rd1 f6 47. Bc3 Rd6 48. Bd4 Kf7 49. Rc1 Ke6 50. Rc7 Rd7 51.
Rc8 Bd6 52. Rh8 Be5 53. Bxe5 Kxe5 54. Rxh6 1-0

[Event "DMP - III LIGA SZACHOWA SENIOROW PK 2016"]
[Site "Czudec"]
[Date "2016.??.??"]
[Round "6.9"]
[White "Babiarz, Mariusz"]
[Black "Kozak, Antoni"]
[Result "1/2-1/2"]
[WhiteElo "1888"]
[BlackElo "1932"]
[Annotator "Szachy"]
[PlyCount "98"]
[EventDate "2016.??.??"]

1. e4 {[%emt 0:00:00]} e5 {[%emt 0:00:00]} 2. Nf3 {[%emt 0:00:00]} Nc6 3. Bb5
f5 4. d3 fxe4 5. dxe4 Nf6 6. Qe2 d6 7. Nc3 Bg4 8. h3 Bh5 9. Bg5 Be7 10. g4 Bf7
11. O-O-O O-O 12. Bxc6 bxc6 13. Nxe5 Nxe4 14. Qxe4 Bxg5+ 15. Kb1 c5 16. h4 Bf6
17. Nxf7 Rxf7 18. Nd5 Rb8 19. b3 Bd4 20. Ne3 Rxf2 21. Nf5 Be5 22. Qd5+ Kh8 23.
Qf7 Qf6 24. Qxc7 Qd8 25. Qxd8+ Rxd8 26. Rhe1 Bf4 27. Nxd6 Kg8 28. Ne4 Rxd1+ 29.
Rxd1 Rg2 30. Rd8+ Kf7 31. Rd7+ Ke6 32. Nxc5+ Kf6 33. g5+ Kg6 34. Ne6 Be5 35. c4
Rb2+ 36. Kc1 Rxa2 37. c5 Ra6 38. Nd8 Kh5 39. c6 Ra5 40. b4 Rb5 41. c7 Bxc7 42.
Rxc7 Rxb4 43. Rxa7 Rxh4 44. Rxg7 h6 45. g6 Rc4+ 46. Kb2 Rb4+ 47. Kc3 Rb6 48.
Nf7 Rxg6 49. Rxg6 Kxg6 1/2-1/2

[Event "DMP - III LIGA SZACHOWA SENIOROW PK 2016"]
[Site "Czudec"]
[Date "2016.??.??"]
[Round "6.10"]
[White "Szpar, Milosz"]
[Black "Babiarz, Arkadiusz"]
[Result "1/2-1/2"]
[WhiteElo "1956"]
[BlackElo "1656"]
[Annotator "Szachy"]
[PlyCount "70"]
[EventDate "2016.??.??"]

1. Nf3 {[%emt 0:00:00]} c5 {[%emt 0:00:00]} 2. g3 e6 3. Bg2 d5 4. O-O Nf6 5. c4
Nc6 6. cxd5 exd5 7. d4 Be6 8. Nc3 Be7 9. Bf4 O-O 10. dxc5 Bxc5 11. Na4 Bd6 12.
Bxd6 Qxd6 13. Nd4 Ne5 14. Qb3 Rac8 15. Qxb7 Bd7 16. Qxa7 Nc4 17. Nf3 Ra8 18.
Qd4 Rxa4 19. b3 Rb4 20. bxc4 Rxc4 21. Qe5 Qa3 22. Rfb1 Qa7 23. e3 Re8 24. Qb2
Ne4 25. Nd4 Rec8 26. Bxe4 dxe4 27. a3 Bh3 28. Rc1 Qc7 29. Ne2 Bg4 30. Rxc4 Qxc4
31. Rc1 Qa6 32. Nf4 Ra8 33. h3 Bf3 34. Kh2 h6 35. Ra1 Qc4 1/2-1/2

[Event "DMP - III LIGA SZACHOWA SENIOROW PK 2016"]
[Site "Czudec"]
[Date "2016.??.??"]
[Round "6.11"]
[White "Posuniak, Weronika"]
[Black "Cyboran, Katarzyna"]
[Result "0-1"]
[WhiteElo "1740"]
[BlackElo "1823"]
[PlyCount "146"]
[EventDate "2016.??.??"]

1. d4 e6 2. Nf3 f5 3. Bf4 Nf6 4. e3 d5 5. Nbd2 c6 6. c3 Bd6 7. Ne5 O-O 8. Be2
Qc7 9. h3 c5 10. b3 Nbd7 11. Ndf3 Ne4 12. Rc1 b6 13. O-O Bb7 14. Bb5 Ndf6 15.
Bd3 Rac8 16. Rc2 Kh8 17. Ng5 Nxg5 18. Bxg5 Nd7 19. Nxd7 Qxd7 20. f4 c4 21. Be2
cxb3 22. axb3 Rc7 23. Qa1 a5 24. Rfc1 Rfc8 25. Qb2 b5 26. Bh4 a4 27. b4 Bc6 28.
Be1 Qf7 29. h4 h6 30. g3 Kg8 31. Bf3 Kf8 32. Rg2 Ke7 33. Rb1 Rg8 34. Qe2 g5 35.
Qf1 Kd8 36. Be2 Rb7 37. Kh2 Qe8 38. g4 Rbg7 39. Kh3 h5 40. gxh5 g4+ 41. Kh2 Rh7
42. Bg3 Rxh5 43. Kg1 Be7 44. Rh2 Rgh8 45. Qf2 Kc7 46. Kg2 Qd8 47. Rbh1 Kb6 48.
Qe1 Bb7 49. Qf2 Bf6 50. Kf1 Qc7 51. Kg2 Qxc3 52. Rb1 Qc2 53. Re1 Qb2 54. Qf1
Rc8 55. Bf2 Ba6 56. Rb1 Qc3 57. Bd3 Qc7 58. Bg3 Rch8 59. Qf2 Qd8 60. Rbh1 Qe7
61. Qe1 Qd8 62. Qc3 Be7 63. Rc1 Bb7 64. Rch1 Qd6 65. Rb1 Rc8 66. Qd2 Qc7 67.
Qe2 Ba6 68. Rhh1 Rch8 69. Rbc1 Qd8 70. Rc2 Bxh4 71. Rhc1 Bxg3 72. Rc6+ Kb7 73.
Rxa6 Rh2+ 0-1

[Event "DMP - III LIGA SZACHOWA SENIOROW PK 2016"]
[Site "Czudec"]
[Date "2016.??.??"]
[Round "6.12"]
[White "Lach, Ireneusz"]
[Black "Augustyn, Sebastian"]
[Result "0-1"]
[WhiteElo "1984"]
[BlackElo "2106"]
[Annotator "Szachy"]
[PlyCount "102"]
[EventDate "2016.??.??"]

1. Nf3 {[%emt 0:00:00]} c5 2. c4 g6 3. Nc3 Bg7 4. g3 Nf6 5. Bg2 O-O 6. O-O d5
7. cxd5 Nxd5 8. Qb3 Nb4 9. a3 Be6 10. Qd1 N4c6 11. Ng5 Bd7 12. d3 Na6 13. h3 h6
14. Nge4 Kh7 15. Kh2 f5 16. Nd2 e5 17. Nc4 Rb8 18. f4 Nc7 19. e4 b5 20. Nxe5
Nxe5 21. fxe5 Bxe5 22. Bf4 Bxf4 23. gxf4 Ne6 24. Ne2 Qb6 25. exf5 gxf5 26. b4
Rg8 27. bxc5 Nxc5 28. d4 Ne4 29. Bxe4 fxe4 30. Qb3 Rg7 31. Rg1 Rbg8 32. Rxg7+
Rxg7 33. Rg1 Rxg1 34. Kxg1 Qg6+ 35. Kf2 Qh5 36. Ng3 Qg6 37. Ne2 Qf6 38. Qg3 a5
39. Qc3 Qh4+ 40. Kg2 b4 41. axb4 axb4 42. Qb3 Qh5 43. Kf2 Bb5 44. Ng1 Qh4+ 45.
Kg2 Qxf4 46. Qxb4 Bf1+ 47. Kh1 e3 48. Qe7+ Kg6 49. d5 e2 50. d6 Bg2+ 51. Kxg2
Qf1+ 0-1

[Event "DMP - III LIGA SZACHOWA SENIOROW PK 2016"]
[Site "Czudec"]
[Date "2016.??.??"]
[Round "6.13"]
[White "Uryasz, Tomasz"]
[Black "Lach, Dariusz"]
[Result "1-0"]
[WhiteElo "1582"]
[BlackElo "1795"]
[Annotator "Szachy"]
[PlyCount "155"]
[EventDate "2016.??.??"]

1. e4 {[%emt 0:00:00]} c6 2. d4 d5 3. Nc3 e6 4. Nf3 Nf6 5. e5 Nfd7 6. Ne2 c5 7.
c3 Nc6 8. Ng3 Be7 9. Bd3 cxd4 10. cxd4 h6 11. O-O O-O 12. Re1 Re8 13. a3 Nf8
14. Qd2 f5 15. b4 a6 16. Bb2 Bd7 17. Ne2 g5 18. h4 Kg7 19. Bc1 Nh7 20. g3 Rg8
21. Kg2 Qf8 22. hxg5 hxg5 23. Rh1 Rh8 24. Qd1 Qf7 25. Qb3 g4 26. Bh6+ Kg8 27.
Nd2 Bg5 28. Qb2 Bxh6 29. Rxh6 Ng5 30. Rah1 Rxh6 31. Rxh6 Nh3 32. Nf4 Nxf4+ 33.
gxf4 Kg7 34. Rh2 Rh8 35. Bf1 Rxh2+ 36. Kxh2 Ne7 37. Qc3 Bc6 38. Qg3 Qh5+ 39.
Kg2 Ng6 40. f3 Qh6 41. fxg4 fxg4 42. Qe3 Qxf4 43. Qxf4 Nxf4+ 44. Kf2 Kf7 45.
Kg3 Ng6 46. Bd3 Nf8 47. Nb3 Ke7 48. Kf4 Nd7 49. Na5 Nb8 50. Kg5 b6 51. Nb3 Bb5
52. Bxb5 axb5 53. Na1 Nc6 54. Nc2 Nd8 55. Kf4 Nc6 56. Ke3 Kd7 57. Ne1 Nd8 58.
Nd3 Nc6 59. Nf4 Ke7 60. Ne2 Kd7 61. Nc3 Na7 62. Kf4 Ke7 63. Kxg4 Kf7 64. Kh5
Nc6 65. Nxb5 Ke7 66. Kg5 Nb8 67. Na7 Nd7 68. Nc6+ Kf7 69. a4 Nf8 70. a5 bxa5
71. bxa5 Nd7 72. a6 Nb6 73. a7 Na8 74. Nb4 Nb6 75. Na6 Na8 76. Kh6 Kf8 77. Kg6
Ke7 78. Kg7 1-0

[Event "DMP - III LIGA SZACHOWA SENIOROW PK 2016"]
[Site "Czudec"]
[Date "2016.??.??"]
[Round "6.15"]
[White "Rogus, Sylwester"]
[Black "Lach, Mateusz"]
[Result "0-1"]
[WhiteElo "1609"]
[BlackElo "1426"]
[Annotator "Szachy"]
[PlyCount "98"]
[EventDate "2016.??.??"]

1. e4 {[%emt 0:00:00]} e6 {[%emt 0:00:00]} 2. Nf3 {[%emt 0:00:05]} d5 3. exd5
exd5 4. d4 Nf6 5. Bd3 Bd6 6. O-O O-O 7. Bg5 Bg4 8. Nbd2 Nbd7 9. Re1 Re8 10. Nf1
Rxe1 11. Qxe1 Bxf3 12. gxf3 c6 13. Ng3 Qc7 14. Kh1 Bf4 15. Bxf4 Qxf4 16. Qe3
Qxe3 17. fxe3 g6 18. Kg2 Re8 19. Kf2 Kg7 20. a4 b6 21. b4 c5 22. bxc5 bxc5 23.
Rb1 c4 24. Bf1 h5 25. Rb7 Rb8 26. Rxa7 Rb2 27. Bh3 Rxc2+ 28. Ne2 Nf8 29. a5 Ra2
30. Ke1 N8h7 31. Be6 Ng5 32. Nf4 Nxf3+ 33. Kd1 Ng5 34. Bxd5 Nxd5 35. Nxd5 Ne4
36. a6 c3 37. Nb4 Nf2+ 38. Kc1 Ra4 39. Rb7 Rxb4 40. Rxb4 Nd3+ 41. Kd1 c2+ 42.
Kd2 c1=Q+ 43. Kxd3 Qa3+ 44. Kc4 Qxa6+ 45. Rb5 Qa2+ 46. Kc5 Qxh2 47. Rb6 Qe2 48.
d5 Qxe3+ 49. Kc6 Kf6 0-1

[Event "DMP - III LIGA SZACHOWA SENIOROW PK 2016"]
[Site "Czudec"]
[Date "2016.??.??"]
[Round "6.17"]
[White "Pedrak, Paulina"]
[Black "Trybowska, Anna"]
[Result "1/2-1/2"]
[WhiteElo "1572"]
[BlackElo "1555"]
[PlyCount "66"]
[EventDate "2016.??.??"]

1. e4 e5 2. Nf3 Nc6 3. Bb5 d6 4. d4 exd4 5. Nxd4 Bd7 6. O-O Ne5 7. Bxd7+ Qxd7
8. Nc3 Be7 9. Nd5 h6 10. Nxe7 Nxe7 11. Nf3 O-O-O 12. Nxe5 dxe5 13. Qxd7+ Rxd7
14. Be3 Nc6 15. Rfd1 Rhd8 16. Rxd7 Rxd7 17. a3 Nd4 18. Bxd4 Rxd4 19. f3 Kd7 20.
Kf1 c5 21. Ke1 Kc6 22. Rd1 Rxd1+ 23. Kxd1 b5 24. Kd2 a5 25. Kd3 c4+ 26. Kc3 Kc5
27. b4+ axb4+ 28. axb4+ Kd6 29. Kd2 Ke6 30. Ke3 g5 31. g4 f6 32. h3 Kd6 33. c3
Kc6 1/2-1/2

[Event "DMP - III LIGA SZACHOWA SENIOROW PK 2016"]
[Site "Czudec"]
[Date "2016.??.??"]
[Round "6.18"]
[White "Lewicki, Miroslaw"]
[Black "Zaskalski, Pawel"]
[Result "1/2-1/2"]
[WhiteElo "2319"]
[BlackElo "2160"]
[Annotator "Szachy"]
[PlyCount "38"]
[EventDate "2016.??.??"]

1. e4 {[%emt 0:00:00]} c5 {[%emt 0:00:00]} 2. Nf3 d6 3. d4 cxd4 4. Nxd4 Nf6 5.
Nc3 g6 6. Bc4 Bg7 7. f3 O-O 8. Be3 Nc6 9. Qd2 Bd7 10. h4 Rc8 11. Bb3 h5 12.
O-O-O Ne5 13. Rdg1 Qa5 14. Bh6 Bxh6 15. Qxh6 Rxc3 16. bxc3 Qxc3 17. Ne2 Nd3+
18. Kd1 Nf2+ 19. Kc1 Nd3+ 1/2-1/2

[Event "DMP - III LIGA SZACHOWA SENIOROW PK 2016"]
[Site "Czudec"]
[Date "2016.??.??"]
[Round "6.19"]
[White "Zaskalski, Arkadiusz"]
[Black "Mika, Tomasz"]
[Result "1/2-1/2"]
[WhiteElo "2158"]
[BlackElo "2051"]
[PlyCount "66"]
[EventDate "2016.??.??"]

1. Nf3 d5 2. c4 c6 3. g3 Nf6 4. Bg2 dxc4 5. a4 Bf5 6. Na3 Nbd7 7. Nxc4 e6 8.
O-O a5 9. d3 Bb4 10. h3 h6 11. Bf4 Qe7 12. Nfe5 O-O 13. e4 Bh7 14. Nxd7 Nxd7
15. d4 Rfd8 16. Qe2 b5 17. axb5 cxb5 18. Na3 Bxa3 19. Rxa3 b4 20. Raa1 Nf6 21.
Be5 Ne8 22. Rfd1 a4 23. Qb5 a3 24. bxa3 bxa3 25. Qb3 Ra5 26. Ra2 Qd7 27. Bf4
Qa4 28. Qxa4 Rxa4 29. Rd3 g5 30. Be3 Nd6 31. Rdxa3 Rxa3 32. Rxa3 Nxe4 33. Bxe4
Bxe4 1/2-1/2

[Event "DMP - III LIGA SZACHOWA SENIOROW PK 2016"]
[Site "Czudec"]
[Date "2016.??.??"]
[Round "6.20"]
[White "Janus, Przemyslaw"]
[Black "Kopacz, Grzegorz"]
[Result "1/2-1/2"]
[WhiteElo "2086"]
[BlackElo "2145"]
[Annotator "Szachy"]
[PlyCount "60"]
[EventDate "2016.??.??"]

1. d4 {[%emt 0:00:00]} Nf6 {[%emt 0:00:00]} 2. c4 c5 3. d5 b5 4. cxb5 a6 5. b6
Qxb6 6. Nc3 g6 7. e4 d6 8. h3 Bg7 9. Nf3 O-O 10. Nd2 Nbd7 11. a4 Rb8 12. Be2
Qa5 13. O-O Ne8 14. Ra3 Rb4 15. Qc2 Qc7 16. Rd1 Ne5 17. Na2 Rb8 18. f4 Nd7 19.
Nc4 Nb6 20. Ne3 Nd7 21. Kh1 Qa7 22. Nc4 Qc7 23. Bd2 f5 24. exf5 gxf5 25. Rg3
Ndf6 26. Bf3 e6 27. Ba5 Qf7 28. Nc3 Bb7 29. Ne3 Ne4 30. Nxe4 fxe4 1/2-1/2

[Event "DMP - III LIGA SZACHOWA SENIOROW PK 2016"]
[Site "Czudec"]
[Date "2016.??.??"]
[Round "6.21"]
[White "Zaskalski, Dawid"]
[Black "Kucharski, Bartlomiej"]
[Result "1/2-1/2"]
[WhiteElo "1911"]
[BlackElo "1667"]
[Annotator "Szachy"]
[PlyCount "106"]
[EventDate "2016.??.??"]

1. e4 d5 {[%emt 0:00:00]} 2. exd5 {[%emt 0:00:00]} Nf6 3. Nc3 Nxd5 4. Nxd5 Qxd5
5. Nf3 Nc6 6. d4 Bg4 7. Be2 O-O-O 8. Be3 e6 9. c3 h6 10. Qb3 Be7 11. Qxd5 exd5
12. b4 Rhe8 13. h3 Bf5 14. Ne5 Nxe5 15. dxe5 a6 16. Bd4 f6 17. exf6 Bxf6 18.
Bxf6 gxf6 19. Kd2 d4 20. c4 d3 21. Bf3 Be4 22. Rae1 Bxf3 23. gxf3 Re2+ 24. Rxe2
dxe2+ 25. Kxe2 Rd4 26. Rc1 Rh4 27. Ke3 Rxh3 28. Rd1 Rh4 29. f4 Rh3+ 30. Ke4 h5
31. Kf5 Rf3 32. Rd4 Rxf2 33. Kxf6 h4 34. f5 h3 35. Rh4 h2 36. a4 Kd7 37. Kg6
Rg2+ 38. Kf7 Rf2 39. f6 c5 40. b5 a5 41. Rh5 b6 42. Rh3 Kd6 43. Rh5 Kd7 44.
Rd5+ Kc7 45. Rd1 Rg2 46. Ke7 Re2+ 47. Kf8 Rg2 48. Rh1 Kd8 49. f7 Kd7 50. Rd1+
Kc7 51. Ke7 Re2+ 52. Kf6 Rf2+ 53. Ke6 Re2+ 1/2-1/2

[Event "DMP - III LIGA SZACHOWA SENIOROW PK 2016"]
[Site "Czudec"]
[Date "2016.??.??"]
[Round "6.23"]
[White "Sendera, Jaroslaw"]
[Black "Mroczek, Jacek"]
[Result "1-0"]
[WhiteElo "2290"]
[BlackElo "1923"]
[Annotator "Szachy"]
[PlyCount "99"]
[EventDate "2016.??.??"]

1. e4 {[%emt 0:00:00]} e6 {[%emt 0:00:00]} 2. Nf3 d5 3. Nc3 Nf6 4. e5 Nfd7 5.
d4 c5 6. dxc5 Bxc5 7. Bd3 Nc6 8. Bf4 a6 9. O-O b5 10. Re1 Bb7 11. Ng5 Nb4 12.
Qh5 Qe7 13. Rac1 g6 14. Qh6 O-O-O 15. a3 Nxd3 16. cxd3 Kb8 17. Nf3 Rc8 18. b4
Bb6 19. Bg5 Qe8 20. Be3 Qf8 21. Qf4 h6 22. Bxb6 Nxb6 23. Qd4 Nd7 24. a4 bxa4
25. Nxa4 Qe7 26. Nc5 Nxc5 27. bxc5 Rc6 28. Rc3 Rhc8 29. Rec1 a5 30. h3 Ra6 31.
Ra1 Bc6 32. Rca3 Qa7 33. Qc3 Kc7 34. Rxa5 Rxa5 35. Rxa5 Qb7 36. Qa3 Ra8 37. Nd4
Rxa5 38. Qxa5+ Kc8 39. Kh2 Be8 40. Qa3 Qc7 41. f4 g5 42. Qa8+ Kd7 43. c6+ Ke7
44. Qb7 Kd8 45. Qxc7+ Kxc7 46. fxg5 hxg5 47. Kg3 f6 48. Nxe6+ Kxc6 49. exf6 Bg6
50. f7 1-0

[Event "DMP - III LIGA SZACHOWA SENIOROW PK 2016"]
[Site "Czudec"]
[Date "2016.??.??"]
[Round "6.24"]
[White "Lusio, Daniel"]
[Black "Rawicz, Karol"]
[Result "1/2-1/2"]
[WhiteElo "1877"]
[BlackElo "2228"]
[Annotator "Szachy"]
[PlyCount "66"]
[EventDate "2016.??.??"]

1. e4 {[%emt 0:00:00]} c5 2. Nf3 d6 3. c3 Nf6 4. Bd3 Nc6 5. Bc2 Bg4 6. d3 e6 7.
O-O Be7 8. h3 Bh5 9. Be3 d5 10. exd5 Nxd5 11. Qe2 O-O 12. Re1 Qb6 13. Bc1 Rfd8
14. Bb3 Bf6 15. g4 Bg6 16. h4 h6 17. g5 hxg5 18. hxg5 Be7 19. Nh4 Bh7 20. Qg4
Bf5 21. Nxf5 exf5 22. Qxf5 g6 23. Qf3 Qc7 24. Nd2 Qd7 25. Nc4 Bd6 26. Nd2 Be5
27. Ne4 b6 28. Bd2 Kg7 29. Ba4 Rh8 30. Nf6 Bxf6 31. gxf6+ Kg8 32. c4 Nd4 33.
Qg2 Qf5 1/2-1/2

[Event "DMP - III LIGA SZACHOWA SENIOROW PK 2016"]
[Site "Czudec"]
[Date "2016.??.??"]
[Round "6.25"]
[White "Muc, Marcin"]
[Black "Klis, Michal"]
[Result "1-0"]
[WhiteElo "2128"]
[BlackElo "1654"]
[Annotator "Szachy"]
[PlyCount "83"]
[EventDate "2016.??.??"]

1. d4 d5 2. c4 {[%emt 0:00:00]} e6 3. Nf3 Nf6 4. g3 c5 5. Bg2 Nc6 {[%emt 0:00:
00]} 6. O-O dxc4 7. Qa4 Bd7 8. Qxc4 cxd4 9. Nxd4 Rc8 10. Nc3 Be7 11. Rd1 Qa5
12. Qb5 Qc7 13. Qb3 a6 14. Nxc6 Bxc6 15. Bf4 e5 16. Bxc6+ bxc6 17. Bg5 O-O 18.
Rac1 Qa7 19. Na4 Ng4 20. Be3 Nxe3 21. Qxe3 Qxe3 22. fxe3 Rc7 23. Rc4 Rd8 24.
Rd3 f5 25. Kf2 e4 26. Rdc3 Rd6 27. Rc2 Rh6 28. Kg2 Bg5 29. R4c3 Rd6 30. Nc5 Ra7
31. Nb3 Rc7 32. Nd4 Rf6 33. Kf2 g6 34. Nxc6 Kf8 35. Nd4 Rxc3 36. Rxc3 Rb6 37.
Rc8+ Kf7 38. Rc7+ Kg8 39. b3 h5 40. Nc6 Kf8 41. Ne5 h4 42. Nd7+ 1-0

[Event "DMP - III LIGA SZACHOWA SENIOROW PK 2016"]
[Site "Czudec"]
[Date "2016.??.??"]
[Round "6.26"]
[White "Stefanski, Robert"]
[Black "Wozny, Tomasz"]
[Result "0-1"]
[WhiteElo "1568"]
[BlackElo "1758"]
[Annotator "Szachy"]
[PlyCount "99"]
[EventDate "2016.??.??"]

1. d4 {[%emt 0:00:00]} d5 2. e3 Nf6 3. c4 c6 4. Nf3 e6 5. Bd3 Nbd7 6. O-O Be7
7. Nc3 O-O 8. b3 b6 9. e4 dxe4 10. Nxe4 Bb7 11. Ng3 c5 12. Bb2 cxd4 13. Bxd4
Nc5 14. Bxc5 Bxc5 15. Qe2 Qc7 16. Ne4 Bxe4 17. Bxe4 Rad8 18. h3 Qf4 19. Bc2 g5
20. Kh1 g4 21. hxg4 Qxg4 22. Qe5 Qh5+ 23. Qxh5 Nxh5 24. g3 f5 25. Kg2 Nf6 26.
Rfe1 Rfe8 27. Re2 h6 28. Rae1 Kf7 29. Ne5+ Kg7 30. Nd3 Kf7 31. Ne5+ Kg7 32. Nc6
Rd6 33. Nxa7 Bb4 34. Rd1 Rxd1 35. Bxd1 Ne4 36. Bc2 Nc3 37. Re3 Nxa2 38. Nb5 Bc5
39. Re2 Kf6 40. Bb1 Nb4 41. Nc3 Rd8 42. Na4 Rd1 43. Nxc5 bxc5 44. Bc2 Rc1 45.
Bxf5 Kxf5 46. g4+ Kf6 47. Re3 Nc6 48. f4 Nd4 49. Re5 Nxb3 50. Kf3 0-1

[Event "DMP - III LIGA SZACHOWA SENIOROW PK 2016"]
[Site "Czudec"]
[Date "2016.??.??"]
[Round "6.27"]
[White "Walczak, Konrad"]
[Black "Pondo, Augustyn"]
[Result "1/2-1/2"]
[WhiteElo "1755"]
[BlackElo "1423"]
[PlyCount "75"]
[EventDate "2016.??.??"]

1. d4 d5 2. f4 f5 3. Nf3 Nf6 4. e3 e6 5. Be2 Bd6 6. c3 c6 7. b3 O-O 8. a4 Bc7
9. b4 Nbd7 10. O-O Qe8 11. Nbd2 Ne4 12. Nxe4 fxe4 13. Ne5 Nf6 14. a5 Bd7 15. g4
Qd8 16. g5 Bxe5 17. dxe5 Ne8 18. Bd2 g6 19. h4 Ng7 20. h5 Nf5 21. hxg6 hxg6 22.
Kg2 Kg7 23. Bg4 Qe7 24. Bxf5 Rxf5 25. Qg4 Rh8 26. Rh1 Rff8 27. Rxh8 Rxh8 28.
Rh1 Rxh1 29. Kxh1 Qf8 30. Qh3 Qh8 31. Qxh8+ Kxh8 32. Kg1 Kg7 33. Kf1 Kf7 34.
Ke2 Ke7 35. Kd1 Kd8 36. Kc2 Kc7 37. c4 b5 38. c5 1/2-1/2